|
|
|
|
| LEADER |
00000nam0a2200000 4500 |
| 001 |
94781 |
| 005 |
20231031105804.0 |
| 020 |
|
|
|a RU
|b 86-30838
|
| 035 |
|
|
|a (RuTPU)RU\TPU\book\101530
|
| 090 |
|
|
|a 94781
|
| 100 |
|
|
|a 20060415d1986 k y0rusy5003 ca
|
| 101 |
0 |
|
|a rus
|
| 102 |
|
|
|a RU
|
| 105 |
|
|
|a y z 000zy
|
| 200 |
1 |
|
|a Современная художественная культура в странах Азии и Африки
|f Академия Наук СССР; Всесоюзный научно-исследовательский институт искусствознания Министерства культуры СССР; под ред. А. Х. Вафы
|
| 210 |
|
|
|a Москва
|c Наука
|d 1986
|
| 215 |
|
|
|a 179,[2] с.
|
| 610 |
1 |
|
|a культура
|
| 610 |
1 |
|
|a художественная культура
|
| 610 |
1 |
|
|a развивающиеся страны
|
| 610 |
1 |
|
|a Азия
|
| 610 |
1 |
|
|a Африка
|
| 686 |
|
|
|a Ч11(5)
|2 rubbk
|
| 686 |
|
|
|a Ч11(6)
|2 rubbk
|
| 702 |
|
1 |
|a Вафа
|b А. Х.
|g Анис Хабибович
|4 340
|
| 712 |
0 |
2 |
|a Академия Наук СССР
|2 stltpush
|3 (RuTPU)RU\TPU\col\722
|
| 712 |
0 |
2 |
|a Всесоюзный научно-исследовательский институт искусствознания Министерства культуры СССР
|2 stltpush
|3 (RuTPU)RU\TPU\col\9567
|
| 801 |
|
0 |
|a RU
|b RuMRKP
|c 19950704
|g psbo
|
| 801 |
|
1 |
|a RU
|b 63413507
|c 20060415
|g PSBO
|
| 801 |
|
2 |
|a RU
|b 63413507
|c 20060822
|g PSBO
|
| 942 |
|
|
|c BK
|